000 00222nam a22000857a 4500
001 1235123
005 20250930101844.0
245 _aKONUK DEĞİL BAŞBELESI
_cCHRISTINE NÖSTLINGER
260 _bGÜNIŞIĞI KİTAPLIĞI YAYINLARI
999 _c1235123
_d1235123